Quizzes
Events
Quiz Creation
Community
Videos
Private Events
Remove Ads
Sign In
Join for FREE
Feedback
Dark Mode
Quiz Categories
Sports
Geography
Music
Movies
Television
Just For Fun
Miscellaneous
History
Literature
Language
Science
Gaming
Entertainment
Religion
Holiday
For Kids
Quiz Lab
Recent
Popular Today
Quiz Kudos Today
Editor Picks
Curator Picks
Quizzes by...
Day
Popularity
Type
Ratings
Length
Year
Community
Subscriptions
Recent Discussions
Orange Saloon
Badges
Playlists
Quests
Create
Leaderboards
Showdown
Live 5
Trivia Bingo
Activity
Puzzle Library
Sporcle Events
Private Events
Virtual Trivia
Globe League
Become a Host
Pub Owners
SporcleCon
Opinionation
Our Games
Videos
Blog
Mobile Apps
Partnerships
Remove Ads and Go Orange
Feedback
Sports
Athletes
MLB
NBA
NHL
NFL
Soccer
Sports Teams
WWE
NCAA
Football
Premier League
Basketball
Baseball
Hockey
Golf
Tennis
Cricket
Rugby
Auto Racing
Olympics
World Cup
Sports
Athletes
MLB
NBA
NHL
NFL
Soccer
Sports Teams
WWE
NCAA
Football
Premier League
Basketball
Baseball
Hockey
Golf
Tennis
Cricket
Rugby
Auto Racing
Olympics
World Cup
Random Quiz
Search Sporcle
×
Quiz Lab
Quiz Lab
Sports
Cricket
Type in answers that appear in a list
Type in answers that appear in a list
Classic
Best Score? Go Orange.
Twenty20 internationals sixes Stats
Can you name the the players who have hit the most international twenty20 sixes?
By
sexymoose
6m
20 Questions
292 Plays
292 Plays
292 Plays
Comments
Comments
Give Quiz Kudos
Give Quiz Kudos
-
- Ratings
hide this ad
More Info
Replay
Link that replays current quiz
Next Quiz
Link to next quiz in quiz playlist
You Got
0%
They Got
Avg Score
59%
Avg Friend Score
Upgrade to see
Score Distribution
Jump to the score distribution portion of the page
Score
0/20
Timer
06:00
0
Plays Today
No. of sixes
Player
% Correct
43
Chris Gayle
95.5%
54
Brendan McCullum
90.4%
32
Kevin Pietersen
81.5%
38
David Warner
79.1%
38
Yuraj Singh
74.7%
26
Graeme Smith
74.3%
40
Shane Watson
74.3%
31
Ross Taylor
65.1%
34
David Hussey
63%
31
Shahid Afridi
59.9%
No. of sixes
Player
% Correct
26
JP Duminy
49%
24
Paul Collingwood
47.3%
25
Kamran Akmal
45.2%
36
Cameron White
44.9%
23
Sanath Jayasuriya
44.5%
26
Suresh Raina
43.2%
35
Martin Guptill
43.2%
32
Albie Morkel
31.2%
25
Scott Styris
30.8%
26
Misbah-Ul-Haq
25.7%
Quiz Playlist
Details
Report
Send in Message
Add To Playlist
More Info:
these records are as of 15/07/2012
Classic:
Type in answers that appear in a list
Quiz Source
Last Updated: Feb 16, 2017
Quiz Scoreboard
CHALLENGE
Sign Up to Join the Scoreboard
Show All
Scores
Hide
Comments
May contain spoilers
Recently Published
An Introduction to Baseball
by treessimontrees
Sports
5m
Movies - When Are They Set?
by FPL_Elf
Movies
5m
Popular People in 1961
by mucciniale
History
6m
More to Explore
Quiz From the Vault
Featured Blog Post
Where Did the Easter Bunny Come From?
hide this ad
You Might Also Like...
Tags
Country Quiz
Cricket Quiz
hit
International
Player
side
Twenty20
Today's Top Quizzes in Sports
Browse Sports
hide this ad
Today's Top Quizzes in Cricket
Browse Cricket
Top Contributed Quizzes in Sports
1
Les meilleurs buteurs des matchs entre le PSG et l’OM
2
2022 World Cup Stars
3
FIFA Club World Cup Champions
4
Les entraîneurs de l'OM et du PSG au 21e siècle
5
Name the Premier League winners with different clubs
6
La finale Lions - Afrique du Sud 2021
7
Les joueurs passés par le LOSC et le RC Lens
8
Criteria MLB: Left Handed Sluggers
9
Players with Multiple 50 Home Run Seasons
10
5-to-1: UK Sports Teams
Explore More
Trending Topics
Anime
NBA
Disney
Kpop
Harry Potter
Crossword
Marvel
The Office
Country
Puzzle
NFL
WWE
Song
Pokémon
Soccer
hide this ad
More By:
sexymoose
Quiz
Plays
Rating
Category
Featured
Created
Taylor Defeats, Premier League Darts
437
Sports
Apr 22, 2011
Twenty20 internationals sixes
292
5.00
Sports
May 25, 2010
Lancashire CCC squad 2011
143
4.50
Sports
Apr 22, 2011
England Appearances Under Hodgson
117
2.50
Sports
Jun 21, 2012
Lancashire CCC squad 2010
50
Sports
May 8, 2010
Go to Creator's Profile
Score Distribution
Quiz Creator Spotlight
sexymoose
Follow
Send a Message
Quizzes Created
-
Created Quiz Play Count
-
More By This Creator
Popular Quizzes Today
1
Find the Countries of Europe - No Outlines Minefield
2
Find the US States - No Outlines Minefield
3
The Countries of the World
4
Popular People in 1961
5
Find the US States
6
US States
7
1-10 Letter E Words III
8
Risky Map Clicking: Biggest States A-Z
More Sports Quizzes
NCAA D1 Men's Waterpolo Champions
Editor's Pick
Trending Quizzes
Risky Map Clicking: Least Populous States A-Z
1-10 Letter F Words
1-10 Letter G Words
Not Quite an Element Typing Challenge
One Thing in Common: United Kingdom
Recently Updated
Leaping Animals
pecheneg
Reality TV Shows (A-Z)
bhenderson79
Rickey Henderson's Hall of Fame Teammates
pecheneg
Champions League XIs: Arsenal
pecheneg
Quick Pick: Celebrities in WWE's Hall of Fame
aduchscher
A-Z Keypad Blitz II
pecheneg
Multiple Oscar Actors
pecheneg
Mystery Phrase Blitz: Oscar 'Best Actors'
pecheneg
F. Scott Fitzgerald Novels
LTH
Pick 3 Villains
ddd62291
Trending Topics
Kpop
Anime
Harry Potter
Marvel
NBA
Disney
Crossword
Soccer
Song
Country
The Office
WWE
Pokémon
NFL
Puzzle
Your Account Isn't Verified!
In order to create a playlist on Sporcle, you need to verify the email address you used during registration. Go to your
Sporcle Settings
to finish the process.
Report this User
Report this user for behavior that violates our
Community Guidelines
.
Details:
Send Report
Go to the Sporcle.com Mobile Site →
Comments